| 000 | 00893nam a22002777a 4500 | ||
|---|---|---|---|
| 003 | CHAP | ||
| 005 | 20220329143903.0 | ||
| 008 | 120605s1969 xxca r 00010 eng d | ||
| 010 | _a103284 | ||
| 011 | _a104256 | ||
| 035 | _a114946 | ||
| 040 | _cCHAP | ||
| 090 | _aFolleto 18263 | ||
| 100 | 1 |
_aBrown, G. _915645 |
|
| 245 | 1 | 2 |
_aA motorized tree seed broadcaster _c/por G. Brown |
| 260 |
_aToronto, ON : _bDepartment of Lands and Forests, _c1969 |
||
| 300 |
_a9 h. : _bilus. |
||
| 490 | 0 |
_aSilvicultural notes. _pSilviculture section. Timber branch _v; 12 |
|
| 590 |
_aBATCH-UPD _b10 _c20130110 _lUCH01 _h1539 |
||
| 590 |
_aCONVERSION _b10 _c20130109 _lUCH01 _h1357 |
||
| 650 | 1 | 4 |
_aMotores. _979095 |
| 830 | 0 |
_aSilvicultural notes. _pSilviculture section. Timber branch _v; 12 _9106137 |
|
| 901 | _aBK | ||
| 942 | _cFOLL | ||
| 949 |
_aFolleto 18263 _bBC _cFOLL _d33724002134040 _eTS1 _i114946 _sb |
||
| 999 |
_c103284 _d103284 |
||